มุมมองปกติ
มุมมองแบบ MARC
- ผลประโยชน์สาธารณะ
รายการ Topical Term
001 - CONTROL NUMBER
- control field: 60939
003 - CONTROL NUMBER IDENTIFIER
- control field: NALT
005 - DATE AND TIME OF LATEST TRANSACTION
- control field: 20230524123634.0
008 - FIXED-LENGTH DATA ELEMENTS
- fixed length control field: 230524|| aca||babn | a|a d
040 ## - CATALOGING SOURCE
- Original cataloging agency: NALT
150 ## - HEADING--TOPICAL TERM
- Topical term or geographic name entry element: ผลประโยชน์สาธารณะ
